|
|
|
|
| LEADER |
00000nab a2200000 a 4500 |
| 001 |
vtls010736804 |
| 003 |
SK-MaSNL |
| 005 |
20260304190850.0 |
| 008 |
250709s2012 xo |||||||||||||||||slo| |
| 035 |
|
|
|a (urnnbn)urn:nbn:sk:snk:ar-a05j21
|
| 035 |
|
|
|a (uuid)88ac22af-e51f-4191-8668-56c886e4142d
|
| 035 |
|
|
|a urn:nbn:sk:snk-ab3y4f
|
| 040 |
|
|
|a SNKBUCL
|b slo
|c SNKBUCL
|e AACR2
|
| 041 |
0 |
|
|a eng
|
| 044 |
|
|
|a xo
|c SK
|
| 100 |
1 |
|
|a Jaskova, Katarina
|4 aut
|9 793543
|
| 245 |
1 |
0 |
|a Calcium transporters and their role in the development of neuronal disease and neuronal damage
|c Katarina Jaskova, Michaela Pavlovicova, Dana Jurkovicova
|
| 700 |
1 |
|
|a Pavlovicova, Michaela
|4 aut
|9 1522686
|
| 700 |
1 |
|
|a Jurkovicova, Dana
|4 aut
|9 22115
|
| 773 |
0 |
|
|t General physiology and biophysics : an international journal
|g Roč. 31, č. 4 (2012), s. 375-382
|
| 850 |
|
|
|a Slovenská národná knižnica
|
| 852 |
|
|
|a Slovenská národná knižnica
|
| 958 |
|
|
|a article1
|
| 958 |
|
|
|a OND
|
| 958 |
|
|
|a EUIPO
|
| 999 |
|
|
|c 3051651
|d 3053581
|